Kabale University Library Catalogue

Analytical Chemistry: (Record no. 5847)

MARC details
000 -LEADER
fixed length control field 00563nam a22001817a 4500
003 - CONTROL NUMBER IDENTIFIER
control field OSt
005 - DATE AND TIME OF LATEST TRANSACTION
control field 20251208121757.0
008 - FIXED-LENGTH DATA ELEMENTS--GENERAL INFORMATION
fixed length control field 251208b |||||||| |||| 00| 0 eng d
020 ## - INTERNATIONAL STANDARD BOOK NUMBER
International Standard Book Number 9781119770794
040 ## - CATALOGING SOURCE
Transcribing agency KABLIB
Modifying agency KABLIB
082 ## - DEWEY DECIMAL CLASSIFICATION NUMBER
Edition number 23
Classification number 543
Item number CHR
100 ## - MAIN ENTRY--PERSONAL NAME
Personal name Christian, Gary D.
9 (RLIN) 14745
245 ## - TITLE STATEMENT
Title Analytical Chemistry:
Remainder of title INTERNATIONAL ADAPTATION
Statement of responsibility, etc. Gary D. Christian, Purnendu K. (Sandy) Dasgupta, Kevin A. Schug
250 ## - EDITION STATEMENT
Edition statement 7 ed.
Remainder of edition statement 7th edition (2014)
260 ## - PUBLICATION, DISTRIBUTION, ETC.
Place of publication, distribution, etc. Hoboken
Name of publisher, distributor, etc. Wiley
Date of publication, distribution, etc. 2020
300 ## - PHYSICAL DESCRIPTION
Extent xxiv, 928p;
Other physical details ill
Dimensions 27cm
942 ## - ADDED ENTRY ELEMENTS (KOHA)
Source of classification or shelving scheme Dewey Decimal Classification
Koha item type Book
Edition 7 ed.
Holdings
Withdrawn status Lost status Source of classification or shelving scheme Damaged status Not for loan Home library Current library Shelving location Date acquired Source of acquisition Total Checkouts Full call number Barcode Date last seen Price effective from Koha item type
    Dewey Decimal Classification     Education Library Education Library Open Access Section 03.02.2026 Purchased   543 CHR 14136 03.02.2026 03.02.2026 Book
    Dewey Decimal Classification     Education Library Education Library Open Access Section 03.02.2026 Purchased   543 CHR 14137 03.02.2026 03.02.2026 Book
    Dewey Decimal Classification     Education Library Education Library Open Access Section 02.03.2026 Purchased   543 CHR 14667 02.03.2026 02.03.2026 Book
    Dewey Decimal Classification     Education Library Education Library Open Access Section 02.03.2026 Purchased   543 CHR 14668 02.03.2026 02.03.2026 Book
    Dewey Decimal Classification     Education Library Education Library Reserve Section 02.03.2026 Purchased   543 CHR 14669 02.03.2026 02.03.2026 Book

Kabale University Library | Kabale University P.O Box 317, Kabale, Uganda
Tel : +256754017033, +256774661503 E-mail : library@kab.ac.ug